Účtovanie niektorých špecifických prípadov so zmenkami

Eskont zmenky - prevod zmenky pred jej splatnosťou na banku. Postup účtovania pri eskonte zmenky. Postúpenie zmenky faktoringovej spoločnosti. Postup účtovania postúpenia zmenky. Nákup a predaj zmeniek ako obchodovateľných cenných papierov. Postup účtovania nákupu a predaja zmeniek. Daňové dôsledky...

Ausführliche Beschreibung

Gespeichert in:
Bibliographische Detailangaben
1. Verfasser: Baštincová, Anna
Format: Buchkapitel
Sprache:Slowakisch
Schlagworte:
Tags: Tag hinzufügen
Keine Tags, Fügen Sie das erste Tag hinzu!

MARC

LEADER 00000naa a2200000 4500
001 r035943
005 20231002072040.3
041 0 |a slo 
044 |a SK 
245 1 0 |a Účtovanie niektorých špecifických prípadov so zmenkami  |c Anna Baštincová 
520 |a Eskont zmenky - prevod zmenky pred jej splatnosťou na banku. Postup účtovania pri eskonte zmenky. Postúpenie zmenky faktoringovej spoločnosti. Postup účtovania postúpenia zmenky. Nákup a predaj zmeniek ako obchodovateľných cenných papierov. Postup účtovania nákupu a predaja zmeniek. Daňové dôsledky zmenkových operácií. 
610 2 0 |a účtovanie 
610 2 0 |a zmenky 
610 2 0 |a spoločnosti 
610 2 0 |a spoločnosti faktoringové 
610 2 0 |a spoločnosti obchodné 
610 2 0 |a fakturovanie 
610 2 0 |a faktúry 
610 2 0 |a nákup 
610 2 0 |a predaj 
100 1 |a Baštincová, Anna